000 00414pab a2200157 454500
008 180718b2009 xxu||||| |||| 00| 0 eng d
100 _aTripathi, Narendra Kumar
245 _aContesting Asia-Pacific: the United States of America, China and India
260 _c2009
300 _ap.318-28.
362 _aJul-Sep
650 _aInternational relations
773 _aUSI Journal
908 _aN
909 _a84866
999 _c84866
_d84866